Economic development of Great Britain, (Record no. 64716)

MARC details
000 -LEADER
fixed length control field 00877cam a22002651 4500
001 - CONTROL NUMBER
control field sa 65006557
003 - CONTROL NUMBER IDENTIFIER
control field DLC
005 - DATE AND TIME OF LATEST TRANSACTION
control field 20260227112143.0
008 - FIXED-LENGTH DATA ELEMENTS--GENERAL INFORMATION
fixed length control field 970513s1964 ii b 000 0 eng
010 ## - LIBRARY OF CONGRESS CONTROL NUMBER
LC control number sa 65006557
025 ## - OVERSEAS ACQUISITION NUMBER
Overseas acquisition number PL480:I-E-4235
035 ## - SYSTEM CONTROL NUMBER
System control number (OCoLC)36894906
040 ## - CATALOGING SOURCE
Original cataloging agency DLC
Transcribing agency NSyU
Modifying agency DLC
042 ## - AUTHENTICATION CODE
Authentication code premarc
050 00 - LIBRARY OF CONGRESS CALL NUMBER
Classification number HC253
Item number .C4 1964
100 1# - MAIN ENTRY--PERSONAL NAME
Personal name Chakrabarti, Samiran Chandra,
Dates associated with a name 1940-
245 10 - TITLE STATEMENT
Title Economic development of Great Britain,
Statement of responsibility, etc. by Sudhindra Chandra Chakrabarti, Kunja Bihari Kundu [and] Madan Mohan Patra.
250 ## - EDITION STATEMENT
Edition statement [2d ed. thoroughly rev.]
260 ## - PUBLICATION, DISTRIBUTION, ETC.
Place of publication, distribution, etc. Calcutta,
Name of publisher, distributor, etc. Nababharat Publishers
Date of publication, distribution, etc. [1964]
300 ## - PHYSICAL DESCRIPTION
Extent xii, 163, [1] p.
Dimensions 23 cm.
504 ## - BIBLIOGRAPHY, ETC. NOTE
Bibliography, etc. note Bibliography: p. [164]
651 #0 - SUBJECT ADDED ENTRY--GEOGRAPHIC NAME
Geographic name Great Britain
General subdivision Economic conditions.
700 1# - ADDED ENTRY--PERSONAL NAME
Personal name Patra, Madan Mohan,
Relator term joint author.
700 1# - ADDED ENTRY--PERSONAL NAME
Personal name Kundu, Kunja Bihari,
Relator term joint author.

No items available.

Powered by Koha